Jack and the beanstalk

Bibliographic Details
Format: Book
Published: New York : Modern Publishing , 1994
Series:Treasury of fairy tales
Subjects:

MARC

LEADER 00000cam a2200000 7i4500
001 0000007620
002 000008185
005 20080401.0
020 |a 1561443603 
090 0 0 |a JF   |b JAC 
245 0 0 |a Jack and the beanstalk 
260 |a New York :   |b Modern Publishing ,   |c 1994 
300 |a p.v :   |b ill. ;   |c 30cm. 
490 0 |a Treasury of fairy tales 
650 0 0 |a Children's stories 
999 |a 052481   |b BUKU   |c PINJAMAN   |e PERPUSTAKAAN KOMUNITI PETALING JAYA 
999 |a 052482   |b BUKU   |c PINJAMAN   |e PERPUSTAKAAN KOMUNITI PETALING JAYA 
999 |a 055389   |b BUKU   |c PINJAMAN   |e PERPUSTAKAAN KOMUNITI PETALING JAYA